| 000 | 00429nam a2200169Ia 4500 | ||
|---|---|---|---|
| 008 | 230711s9999||||xx |||||||||||||| ||und|| | ||
| 041 | _aENG | ||
| 082 |
_a720 _bAN-N |
||
| 100 | _aAndrews,D.L | ||
| 245 | 0 | _aComprehensive nano science and technology : Nanomaterials V-1 | |
| 250 | _a1st . Ed. | ||
| 260 |
_c2011 _aAmsterdam _bAcademic Press |
||
| 300 | _a635 | ||
| 650 | _aChemistry | ||
| 700 | _aScholes,Gregory | ||
| 942 | _cBK | ||
| 999 |
_c5385 _d5385 |
||